Sanat - "Joulu on taas" - Statistics

Yleistilastot
  • Tätä visaa on pelattu 113 kertaa
  • Keskiarvotulos 54 / 64
Vastaustilastot
Vastaus % Oikein
Joulu
100%
joulu
100%
Joulu
100%
joulu
100%
joulu
100%
joulu
100%
on
100%
on
100%
on
100%
on
100%
on
100%
on
100%
on
100%
on
100%
on
100%
on
100%
on
100%
on
100%
taas
100%
taas
100%
taas
100%
taas
100%
taas
100%
taas
100%
puuroo
96%
puuroo
96%
puuroo
96%
täynnä
96%
kattilat
95%
nyt
95%
nyt
95%
nyt
95%
nyt
95%
saa
92%
saa
92%
saa
92%
saa
92%
sitä
92%
sitä
92%
sitä
92%
sitä
92%
täyteen
89%
täyteen
89%
vatsansa
89%
vatsansa
89%
hauskaa
63%
hauskaa
63%
hauskaa
63%
hauskaa
63%
meil
63%
meil
63%
kuinka
55%
kuinka
55%
voi
54%
voi
54%
aamusta
50%
aamusta
50%
iltaan
50%
iltaan
50%
Lapsilla
50%
lapsilla
50%
lapsilla
50%
lapsilla
50%
asti
10%
Ehtoja vastaavia visoja ei löytynyt
Tulosjakauma
Jokaisen tuloksen saaneiden osuus
Persentiili vastausten määrän mukaan
Tuloshistoriasi
Et ole pelannut tätä visaa